South Eastern Kenya University

Library Online Public Access Catalogue


At a journal workshop : (Record no. 13078)

MARC details
000 -LEADER
fixed length control field 00568cam a2200193 i 4500
003 - CONTROL NUMBER IDENTIFIER
control field OSt
005 - DATE AND TIME OF LATEST TRANSACTION
control field 20160428091724.0
008 - FIXED-LENGTH DATA ELEMENTS--GENERAL INFORMATION
fixed length control field 751216s1975 nyu 000 0 eng
020 ## - INTERNATIONAL STANDARD BOOK NUMBER
International Standard Book Number 879410035
040 ## - CATALOGING SOURCE
Original cataloging agency SEKU
050 00 - LIBRARY OF CONGRESS CALL NUMBER
Classification number RC 480.5
Item number .P7
100 1# - MAIN ENTRY--PERSONAL NAME
Personal name Progoff, Ira.
245 10 - TITLE STATEMENT
Title At a journal workshop :
Remainder of title the basic text and guide for using the Intensive Journal /
Statement of responsibility, etc. by Ira Progoff.
260 ## - PUBLICATION, DISTRIBUTION, ETC. (IMPRINT)
Place of publication, distribution, etc. New York :
Name of publisher, distributor, etc. Dialogue House Library,
Date of publication, distribution, etc. 1975.
300 ## - PHYSICAL DESCRIPTION
Extent 320 p. ;
Dimensions 24 cm.
650 #0 - SUBJECT ADDED ENTRY--TOPICAL TERM
Topical term or geographic name as entry element Diaries
General subdivision Therapeutic use.
650 #0 - SUBJECT ADDED ENTRY--TOPICAL TERM
Topical term or geographic name as entry element Psychotherapy.
942 ## - ADDED ENTRY ELEMENTS (KOHA)
Source of classification or shelving scheme Library of Congress Classification
Koha item type General circulation
Holdings
Withdrawn status Lost status Source of classification or shelving scheme Damaged status Not for loan Home library Current library Shelving location Date acquired Source of acquisition Total Checkouts Full call number Barcode Date last seen Price effective from Koha item type Public note
    Library of Congress Classification     Main Campus Library Main Campus Library General Stacks 28/04/2016 Donation - Books for Africa   RC 480.5 .P7 2015/009812 28/04/2016 28/04/2016 General circulation JTH
Kitui, Kenya.
+254736116989
library@seku.ac.ke